ՀՀ Գիտությունների ազգային ակադեմիայի հիմնարար գիտական գրադարան  =   Fundamental Scientific Library of NAS RA

Քիմիայի անգլերեն տեքստերի ժողովածու / (Record no. 14670)

MARC details
000 -LEADER
fixed length control field 00778nam a2200241 a 4500
001 - CONTROL NUMBER
control field 000031331
003 - CONTROL NUMBER IDENTIFIER
control field AM-YEHGA
005 - DATE AND TIME OF LATEST TRANSACTION
control field 20250618070941.0
008 - FIXED-LENGTH DATA ELEMENTS--GENERAL INFORMATION
fixed length control field 000524s1986 ai |||||||||||||||||arm d
040 ## - CATALOGING SOURCE
Original cataloging agency AM-YeHGA
041 0# - LANGUAGE CODE
Language code of text/sound track or separate title arm
-- eng
090 ## - LOCALLY ASSIGNED LC-TYPE CALL NUMBER (OCLC); LOCAL CALL NUMBER (RLIN)
-- 14780
100 1# - MAIN ENTRY--PERSONAL NAME
Personal name Արծրունի, Նարիս Վահանի,
Dates associated with a name 1927-
9 (RLIN) 9440
245 10 - TITLE STATEMENT
Title Քիմիայի անգլերեն տեքստերի ժողովածու /
Statement of responsibility, etc. Կազմ. Ն.Վ. Արծրունի, Ք.Հ. Սաֆարյան.
246 31 - VARYING FORM OF TITLE
Title proper/short title Texts on Chemistry
260 ## - PUBLICATION, DISTRIBUTION, ETC.
Place of publication, distribution, etc. Yerevan :
Name of publisher, distributor, etc. Yerevan University Press,
Date of publication, distribution, etc. 1986.
300 ## - PHYSICAL DESCRIPTION
Extent 48 p.
550 ## - ISSUING BODY NOTE
Issuing body note Yerevan State University, Chair of Foreign Languages
650 14 - SUBJECT ADDED ENTRY--TOPICAL TERM
Topical term or geographic name entry element English
700 1# - ADDED ENTRY--PERSONAL NAME
Personal name Sapharian, K.H.
710 2# - ADDED ENTRY--CORPORATE NAME
Corporate name or jurisdiction name as entry element Yerevan State University
942 ## - ADDED ENTRY ELEMENTS (KOHA)
Source of classification or shelving scheme Universal Decimal Classification
Koha item type Գրքեր / Books
Holdings
Withdrawn status Lost status Source of classification or shelving scheme Damaged status Not for loan Collection Home library Current library Date acquired Total checkouts Full call number Barcode Date last seen Price effective from Koha item type Public note
    Universal Decimal Classification     General Fundamental Scientific Library Fundamental Scientific Library 21/12/2016   AII/75053 220075053 21/12/2016 21/12/2016 Գրքեր / Books 30 Days Loan


ՀՀ ԳԱԱ հիմնարար գիտական գրադարան
ՀՀ,Երևան 0019
Մարշալ Բաղրամյան 24/6
հեռախոս:(374-10) 52-47-50
Հետադարձ կապ

All site content, except where otherwise noted, is licensed under a
Creative Commons License